| 000 | 00480nam a2200217Ia 4500 | ||
|---|---|---|---|
| 999 |
_c24302 _d24302 |
||
| 003 | 0100 | ||
| 005 | 20171009095517.0 | ||
| 008 | 130303s9999 xx 000 0 und d | ||
| 020 | _a0805207325 | ||
| 040 | _cARRUPELIB | ||
| 050 | _aGR350.A349 1983 | ||
| 100 |
_aRadin, Paul (ed.) _936808 |
||
| 245 | _aAfrican folktales | ||
| 260 |
_bSchocken Books _aNew York _c1983 |
||
| 300 | _axiii | ||
| 300 | _b 322p. 20cm. | ||
| 650 |
_aTales _xAfrica _936809 |
||
| 942 |
_2lcc _cMONOGRAPH |
||